Central Library OPAC University of Rajshahi

Handbook of strategy and management / (Record no. 15691)

MARC details
000 -LEADER
fixed length control field 03200cam a22003254a 4500
001 - CONTROL NUMBER
control field 15691
003 - CONTROL NUMBER IDENTIFIER
rucl marc code BD-RjUL
005 - DATE AND TIME OF LATEST TRANSACTION
control field 20211208235852.0
008 - FIXED-LENGTH DATA ELEMENTS--GENERAL INFORMATION
fixed length control field 140210s2002 enka b 001 0 eng c
020 ## - INTERNATIONAL STANDARD BOOK NUMBER
International Standard Book Number 0761958932
035 ## - SYSTEM CONTROL NUMBER
System control number (BD-RjUL)15746
-- (OCoLC)ocm44015612
040 ## - CATALOGING SOURCE
Original cataloging agency UKM
Transcribing agency UKM
Modifying agency BD-RjUL
Language of cataloging eng
041 ## - LANGUAGE CODE
Language code of text/sound track or separate title eng
082 00 - DEWEY DECIMAL CLASSIFICATION NUMBER
Classification number 658.4012
Edition number 21
Author mark and year HAN 2002
245 00 - TITLE STATEMENT
Title Handbook of strategy and management /
Statement of responsibility, etc. edited by Andrew Pettigrew, Howard Thomas and Richard Whittington.
260 ## - PUBLICATION, DISTRIBUTION, ETC. (IMPRINT)
Place of publication, distribution, etc. London ;
-- Thousand Oaks, Calif. :
Name of publisher, distributor, etc. Sage Publications,
Date of publication, distribution, etc. c2002.
300 ## - PHYSICAL DESCRIPTION
Pagination xviii, 519 p. :
Illustrations ill. ;
Size 26 cm.
504 ## - BIBLIOGRAPHY, ETC. NOTE
Bibliography, etc Includes bibliographical references and index.
505 0# - FORMATTED CONTENTS NOTE
Formatted contents note Strategic management : the strengths and limitations of a field / Andrew Pettigrew, Howard Thomas and Richard Whittington -- The domain of strategic management : history and evolution / Edward H. Bowman, Harbir Singh and Howard Thomas -- Constructing competitive advantage / Karel Cool, Luis Almeida Costa and Ingemar Dierickx -- Corporate strategy : managing scope and strategy content / Robert M. Grant -- Corporate strategy : the role of the centre / Constantinos Markides -- Corporate structure : from policy to practice / Richard Whittington -- Knowledge-based view : a new theory of strategy? / Kathleen M. Eisenhardt and Filipe M. Santos -- Managing cognition and strategy : issues, trends and future directions / Joseph F. Porac and Howard Thomas -- Strategy process : forming, implementing and changing strategies / Balaji S. Chakravarthy and Roderick E. White -- Strategic change processes / Raghu Garud and Andrew H. Van de Ven -- Top management, company directors and corporate control / Gerald F. Davis and Michael Useem -- International management and strategy / Bruce Kogut -- Quasi strategy : strategic management in the contemporary public sector / Ewan Ferlie -- Entrepreneurship, small firms and wealth creation : a framework using real options reasoning / Rita Gunther McGrath -- The strategy and management of international institutions / Winfried Ruigrok -- Technology in corporate strategy : change, continuity and the information revolution / Keith Pavitt and W. Edward Steinmueller -- What are the responsibilities of business to society? / David W. Whetten, Gordon Rands and Paul Godfrey -- The conduct of strategy research / Haridimos Tsoukas and Christian Knudsen -- Business history and strategy / David J. Jeremy -- Theorizing the future of strategy : questions for shaping strategy research in the knowledge economy / N. Venkatraman and Mohan Subramaniam -- Conclusion : doing more in strategy research / Richard Whittington, Andrew Pettigrew and Howard Thomas.
650 #0 - SUBJECT ADDED ENTRY--TOPICAL TERM
Topical term or geographic name as entry element Strategic planning.
9 (RLIN) 48696
Topical term or geographic name as entry element Industrial management.
9 (RLIN) 48697
700 1# - ADDED ENTRY--PERSONAL NAME
Personal name Pettigrew, Andrew M.
Personal name Thomas, Howard,
Dates associated with a name 1943-
Personal name Whittington, Richard,
Dates associated with a name 1958-
856 42 - ELECTRONIC LOCATION AND ACCESS
Materials specified Publisher description
Uniform Resource Identifier <a href="http://www.loc.gov/catdir/enhancements/fy0658/2001132892-d.html">http://www.loc.gov/catdir/enhancements/fy0658/2001132892-d.html</a>
Materials specified Table of contents only
Uniform Resource Identifier <a href="http://www.loc.gov/catdir/enhancements/fy0658/2001132892-t.html">http://www.loc.gov/catdir/enhancements/fy0658/2001132892-t.html</a>
942 ## - ADDED ENTRY ELEMENTS (KOHA)
Source of classification or shelving scheme Dewey Decimal Classification
Koha item type Books
Holdings
Lost status Source of classification or shelving scheme Damaged status Not for loan Collection code Permanent Location Current Location Shelving location Date acquired Source of acquisition Cost, normal purchase price Total Checkouts Full call number Date last seen Copy number Koha item type
  Dewey Decimal Classification     Non-fiction Central Library, University of Rajshahi Central Library, University of Rajshahi   13/04/2006 Paragon Ent. 125.00   658.4012 HAN 2002 10/02/2014 C-2 Books
  Dewey Decimal Classification   Not For Loan Non-fiction Central Library, University of Rajshahi Central Library, University of Rajshahi Reading Room 13/04/2006 Dhaka, Paragon Enterprises Ltd. 125.00   658.4012 HAN 2002 18/01/2017 C-1 Books